000 00482nam a2200181Ia 4500
001 2148
005 20260306143820.0
008 260306t2012||||xx |||||||||||||| ||spa||
041 _aESP
082 _a615.78
_bG63
100 _aGómez-Jarabo, Gregorio Á
_eAUT
245 0 _aBases farmacológicas de la conducta:
_bLibro I. Principios y conceptos generales
260 _c2012
300 _a502 páginas :
_c23 cm.
650 _aGEN
654 _aCPS
942 _cLIB
_dJUS
_fJUS
_2ddc
_n
999 _c2148
_d2148